| 000 | 00903nam a22003015i 4500 | ||
|---|---|---|---|
| 001 | 18340521 | ||
| 003 | SISC | ||
| 005 | 20170109164329.0 | ||
| 008 | 141020s2015 inu 000 0 eng | ||
| 010 | _a 2014954689 | ||
| 020 | _a9781118958506 (pbk. : alk. paper) | ||
| 020 | _a1118958500 (pbk. : alk. paper) | ||
| 040 |
_aDLC _beng _erda _cDLC |
||
| 042 | _apcc | ||
| 050 |
_aQA 76.59 _b.C418 2015 |
||
| 100 | 1 | _aChell, Dominic. | |
| 245 | 1 | 4 |
_aThe Mobile application hacker's handbook / _cDominic Chell, Tyrone Erasmus, Jon Lindsay. |
| 260 |
_aIN : _bJohn Wiley & Sons, Inc., _c2015. |
||
| 263 | _a1502 | ||
| 300 |
_axxxviii, 770 pages : _billustrations ; _c24 cm. |
||
| 500 | _aIncludes index. | ||
| 650 | _aMobile computing. | ||
| 650 | _aMobile apps. | ||
| 650 | _aHacking. | ||
| 906 |
_a0 _bibc _corignew _d2 _eepcn _f20 _gy-gencatlg |
||
| 942 |
_2lcc _cBK |
||
| 999 |
_c305377 _d305377 |
||